[Event "ROM-ch U08"]
[Site "Calimanesti"]
[Date "2018.03.27"]
[Round "1"]
[White "Finta, Marc Alexandru"]
[Black "Rosioru, Iannis"]
[Result "1-0"]
[WhiteElo "1074"]
[BlackElo "1001"]
[PlyCount "51"]
[EventDate "2018.03.27"]
[EventType "swiss"]
[EventRounds "9"]
[EventCountry "ROU"]
[SourceTitle "CBM 183 Extra"]
[Source "ChessBase"]
[SourceDate "2018.04.19"]
[SourceVersion "1"]
[SourceVersionDate "2018.04.19"]
[SourceQuality "1"]

1. e4 d5 2. Nc3 dxe4 3. Nxe4 Bf5 4. Bd3 a5 5. Qf3 Be6 6. Nc5 Bd5 7. Be4 Bxe4 8. Qxe4 b6 9. Qxa8 bxc5 10. Qxa5 Nc6 11. Qxc5 Nf6 12. Qxc6+ Nd7 13. Nf3 Qb8 14. Ne5 Qc8 15. Nxd7 Qxd7 16. Qxd7+ Kxd7 17. d4 e6 18. Bf4 Bb4+ 19. c3 Bd6 20. Bxd6 cxd6 21. Kd2 e5 22. dxe5 dxe5 23. a4 Rc8 24. Kd3 Rb8 25. b4 h5 26. b5 1-0